| 000 | 00702 a2200181 4500 | ||
|---|---|---|---|
| 999 |
_c26282 _d26282 |
||
| 010 | _aB-285046, B-215243 | ||
| 020 |
_a8171679641 _c395.00 |
||
| 020 |
_a9788171679645 _c395.00 |
||
| 035 | _aB-285046, B-215251, B-215237, B-215253 | ||
| 037 | _bUBH | ||
| 082 | _a888 | ||
| 245 |
_aA hundred encounters / _cby Sham Lal |
||
| 260 |
_aNew Delhi _bRupa _c2007 |
||
| 270 |
_a7/16, Ansari Road, Darya Ganj _bNew Delhi _e110017 |
||
| 300 |
_axiii, 535p. _c20cm. (pbk) |
||
| 942 |
_adpl _cEN _2ddc _h888 _mSHA |
||